[Event "Mercosur Cup"]
[Site "Villa Martelli ARG"]
[Date "2008.08.05"]
[Round "9"]
[White "Molina,Rob"]
[Black "Della Morte,G"]
[Result "0-1"]
[WhiteElo "2402"]
[BlackElo "2387"]

1.d4 Nf6 2.c4 g6 3.Nf3 Bg7 4.g3 O-O 5.Bg2 d6 6.O-O Nbd7 7.Nc3 e5 8.h3 exd4
9.Nxd4 Re8 10.e4 a6 11.Be3 Rb8 12.Rc1 Ne5 13.b3 c5 14.Nde2 b5 15.f4 Ned7
16.Qd3 Bb7 17.Rce1 Qe7 18.cxb5 axb5 19.Nxb5 Bxe4 20.Bxe4 Qxe4 21.Qxe4 Nxe4
22.Nc7 Red8 23.Kg2 Ndf6 24.Kf3 d5 25.Rd1 d4 26.Nxd4 cxd4 27.Bxd4 Rdc8 28.Bxf6 Nxf6
29.Rc1 Bf8 30.Rc4 Rd8 31.Ke2 Nh5 32.Rf3 Rd7 33.g4 Nf6 34.Rd3 Bd6 35.Nd5 Nxd5
36.Rxd5 Re7+ 37.Kd3 Ba3 38.Ra5 Bb2 39.b4 Rd8+ 40.Kc2 Bf6 41.Kb3 Re3+ 42.Ka4 Rb8
43.Rb5 Rxb5 44.Kxb5 Ra3 45.Rc2 Bd4 46.Kc6 Be3 47.f5 gxf5 48.gxf5 Kg7 49.b5 Kf6
50.b6 Ra6 51.Rb2 Kxf5 52.a4 Bxb6 53.Rxb6 Rxa4 54.Kd6 Re4 55.Rb5+ Kg6 56.Kd5 Re3
57.Kd4 Rxh3 58.Ke4 Rg3 59.Kf4 Rg1 60.Rb8 Kg7 61.Kf5 h5 62.Rb6 Rg2 63.Rb4 Rg4
64.Rxg4+ hxg4 65.Kxg4 Kg6 66.Kf4 Kf6  0-1

[Event "Arctic Chess Challenge"]
[Site "Tromso NOR"]
[Date "2008.08.06"]
[Round "5"]
[White "De Andres Gonalons,F"]
[Black "Flermoen,P"]
[Result "0-1"]
[WhiteElo "2127"]
[BlackElo "1936"]

1.d4 Nf6 2.c4 g6 3.g3 Bg7 4.Bg2 O-O 5.Nf3 d6 6.O-O Nbd7 7.Nc3 a6 8.h3 Rb8
9.Re1 b5 10.cxb5 axb5 11.a3 c5 12.e4 Ne8 13.Be3 Nc7 14.Qc2 e6 15.Rad1 Qe7
16.dxc5 dxc5 17.Bf4 e5 18.Be3 Bb7 19.b4 cxb4 20.axb4 Rbc8 21.Qb3 h6 22.Rd2 Rfd8
23.Red1 Bf8 24.Rb2 Bc6 25.Ne1 Qe6 26.Nd5 Bxd5 27.exd5 Qd6 28.Nd3 Na6 29.Ra1 Rc4
30.Bd2 e4 31.Rba2 Nc7 32.Bf4 Qb6 33.Bxc7 Qxc7 34.Ra7 Qd6 35.Nf4 Rxb4 36.Qe3 Nf6
37.R7a6 Qe7 38.Rd1 Rd6 39.Ra7 Qd8 40.Qd2 Rc4 41.h4 Qb6 42.Ra8 b4 43.Nxg6 fxg6
44.Qxh6 Qxf2+ 45.Kxf2 Ng4+  0-1

[Event "12th HZ Open"]
[Site "Vlissingen NED"]
[Date "2008.08.06"]
[Round "6"]
[White "Roggeveen,P"]
[Black "Vanderhallen,N"]
[Result "1-0"]
[WhiteElo "2093"]
[BlackElo "2225"]

1.Nf3 Nf6 2.c4 g6 3.g3 Bg7 4.Bg2 d6 5.d4 O-O 6.O-O Nbd7 7.Nc3 a6 8.a4 a5
9.Ra2 Re8 10.b3 e5 11.e3 Kh8 12.Ba3 Ng8 13.dxe5 dxe5 14.e4 Bf8 15.Bc1 c6
16.Ng5 Kg7 17.f4 f6 18.Nf3 Qb6+ 19.Kh1 Nc5 20.fxe5 fxe5 21.Ng5 Re7 22.Raf2 Be6
23.Qd6  1-0

[Event "US Open"]
[Site "Dallas USA"]
[Date "2008.08.07"]
[Round "6"]
[White "Lu,E"]
[Black "Luchan,J"]
[Result "1-0"]
[WhiteElo "2185"]
[BlackElo "2130"]

1.Nf3 Nf6 2.c4 g6 3.g3 Bg7 4.Bg2 d6 5.d4 O-O 6.O-O Nbd7 7.Nc3 e5 8.h3 c6
9.dxe5 dxe5 10.Be3 Qe7 11.Nd2 Ne8 12.Qb3 Kh8 13.c5 f5 14.Qc4 Ndf6 15.Qh4 Be6
16.Rac1 Nc7 17.Bg5 Bg8 18.b4 Ne6 19.Bh6 Rad8 20.Rfd1 Rd4 21.g4 Rfd8 22.a3 Bxh6
23.Qxh6 Nf4 24.e3 Ne2+ 25.Nxe2 Rxd2 26.Rxd2 Rxd2 27.Ng3 fxg4 28.h4 Bf7 29.Qg5 Qe6
30.Bf1 Nd5 31.Bc4 e4 32.Qd8+ Kg7 33.Qb8 Qf6 34.Nxe4 Qb2 35.Re1 Rc2 36.Bd3 Rc1
37.Rxc1 Qxc1+ 38.Bf1 Qa1 39.Qxb7 Qe5 40.Ng5 Ne7 41.Nxf7 Kxf7 42.Bc4+ Kg7
43.Qd7 g3 44.Qd6 gxf2+ 45.Kxf2 Qf5+ 46.Kg3 Qe4 47.Qd4+ Qxd4 48.exd4 Nf5+
49.Kf4 Kf6 50.d5 cxd5 51.Bxd5 Nxh4 52.c6 g5+ 53.Kg4 Ke7 54.Be4 a6 55.Kxg5 Ng6
56.Bxg6 hxg6 57.a4 Kd6 58.b5  1-0

[Event "XVII TCh-MKD"]
[Site "Struga MKD"]
[Date "2008.08.07"]
[Round "4"]
[White "Vasovski,N"]
[Black "Jazadzievski,M"]
[Result "0-1"]
[WhiteElo "2325"]
[BlackElo "2246"]

1.Nf3 Nf6 2.c4 g6 3.g3 Bg7 4.Bg2 d6 5.d4 O-O 6.O-O Nc6 7.h3 e5 8.d5 Na5 9.Nfd2 Ne8
10.Qc2 c5 11.a3 b6 12.b4 Nb7 13.Bb2 f5 14.e3 g5 15.f4 gxf4 16.exf4 Qe7 17.Nc3 Nf6
18.Rae1 e4 19.Nd1 Bd7 20.b5 a6 21.a4 axb5 22.axb5 Ra2 23.Nc3 Rxb2 24.Qxb2 Nh5
25.Kh2 Qf6 26.Ndb1 Qg6 27.Re3 Bd4 28.Rfe1 Na5 29.Qa2 Kh8 30.Na4 Rg8 31.Nxb6 Be8
32.Qf2 Qg7 33.Nd2 Qb7 34.Na4 Nxg3 35.Qxg3 Rxg3 36.Rxg3 Bf2 37.Ree3 Qe7 38.Bf1 Qh4
39.Kg2 Qxf4  0-1

[Event "Open"]
[Site "Stare Mesto CZE"]
[Date "2008.08.09"]
[Round "2"]
[White "Tibensky,R"]
[Black "Bacak Ml.,P"]
[Result "1-0"]
[WhiteElo "2416"]
[BlackElo "2059"]

1.d4 Nf6 2.Nf3 g6 3.c4 Bg7 4.g3 d6 5.Bg2 O-O 6.O-O c5 7.Nc3 Nc6 8.d5 Na5
9.Nd2 a6 10.Qc2 Rb8 11.Rb1 Bd7 12.b3 b5 13.h3 Qc8 14.Kh2 bxc4 15.bxc4 Rxb1
16.Ncxb1 e6 17.Nc3 exd5 18.cxd5 Ne8 19.Bb2 f5 20.e3 Nc7 21.Rb1 Be8 22.Ne2 Bxb2
23.Qxb2 Bb5 24.Nf4 Nc4 25.Nxc4 Bxc4 26.a4 a5 27.Qc3 Ba6 28.Qxa5 g5 29.Ne6 Nxe6
30.dxe6 Bc4 31.e7 Re8 32.Rb7 Kf7 33.Qc3 Qe6 34.Bc6 Rxe7 35.Rxe7+ Kxe7 36.Qg7+ Qf7
37.Qxg5+ Qf6 38.Qh5 Qf7 39.Qh4+  1-0

[Event "Abkhasian Open"]
[Site "Sukhumi GEO"]
[Date "2008.08.10"]
[Round "8"]
[White "Eramian,G"]
[Black "Zhukov,Vi"]
[Result "0-1"]
[WhiteElo "2023"]
[BlackElo "2220"]

1.d4 Nf6 2.c4 g6 3.Nf3 Bg7 4.g3 O-O 5.Bg2 d6 6.O-O c6 7.Nc3 Qa5 8.a3 Qh5
9.Bg5 h6 10.Bxf6 Bxf6 11.Qd2 Bh3 12.d5 Nd7 13.Rac1 Bg7 14.b4 Nf6 15.e4 Ng4
16.Ne2 g5 17.Ned4 Bxd4 18.Qxd4 f5 19.dxc6 Bxg2 20.Kxg2 fxe4 21.Qd5+ Kh8 22.Qd4+ e5
23.Qxe4 Rxf3 24.h3 Rxf2+ 25.Rxf2 Qxh3+ 26.Kg1 Nxf2 27.Kxf2 Rf8+  0-1

[Event "Open"]
[Site "Stare Mesto CZE"]
[Date "2008.08.12"]
[Round "6"]
[White "Chetverik,M"]
[Black "Janko,Micha"]
[Result "0-1"]
[WhiteElo "2321"]
[BlackElo "2155"]

1.d4 Nf6 2.c4 g6 3.Nf3 Bg7 4.g3 O-O 5.Bg2 d6 6.O-O Nbd7 7.Nc3 e5 8.h3 exd4
9.Nxd4 Nb6 10.b3 d5 11.Ba3 Re8 12.c5 Nbd7 13.c6 Ne5 14.cxb7 Bxb7 15.Rc1 Rc8
16.Na4 Ne4 17.Nc5 Nxc5 18.Bxc5 Nd7 19.e3 Nxc5 20.Rxc5 Bf8 21.Rc2 c5 22.Ne2 Rc7
23.Rd2 Rd7 24.Nf4 Re5 25.h4 Ba6 26.Bxd5 Qa5 27.Qc2 Bxf1 28.Kxf1 Bh6 29.e4 Qd8
30.Qxc5 Bxf4 31.gxf4 Rxe4 32.Qc6 Rxf4 33.Re2 Rf6 34.Qa4 Rfd6 35.Bc6 Re7 36.Rxe7 Qxe7
37.Bf3 Kg7 38.Kg2 h6 39.Qc4 Qe5 40.Qc7 a5 41.a3 Re6 42.Qc4 Rf6 43.Qd5 Qxd5
44.Bxd5 Rf4 45.Kg3 g5 46.hxg5 hxg5 47.f3 Kf6 48.a4 Ke5 49.Bc4 Kd4 50.Bb5 Kc3
51.Bc4 f6 52.Bf7 Rb4 53.Be6 Rxb3 54.Kg4 Rb4+ 55.Kf5 Rf4+  0-1

[Event "Open A"]
[Site "Vladimir RUS"]
[Date "2008.08.12"]
[Round "1"]
[White "Domogaev,S"]
[Black "Timofeev,M"]
[Result "1-0"]
[WhiteElo "2364"]
[BlackElo "1876"]

1.d4 Nf6 2.Nf3 g6 3.g3 Bg7 4.Bg2 O-O 5.c4 d6 6.Nc3 Nbd7 7.O-O e5 8.e4 a6
9.Re1 exd4 10.Nxd4 Ne5 11.b3 c5 12.Nc2 b5 13.cxb5 axb5 14.Nxb5 Ba6 15.Bf1 Bxb5
16.Bxb5 Qb6 17.a4 Nfg4 18.h3 Nxf2 19.Kxf2 f5 20.Kg2 fxe4 21.Qd5+ Kh8 22.Rxe4 Nf3
23.Rf4 Ne1+ 24.Nxe1 Bxa1 25.Nf3 Rab8 26.Rxf8+ Rxf8 27.Bf4 Rf6 28.Qa8+ Kg7
29.Bc4 d5 30.Bxd5 Rxf4 31.gxf4 Qd6 32.Ng5  1-0

[Event "ch-Euro Seniors"]
[Site "Davos SUI"]
[Date "2008.08.13"]
[Round "5"]
[White "Butnorius,A"]
[Black "Kock,HU"]
[Result "1-0"]
[WhiteElo "2442"]
[BlackElo "2168"]

1.d4 Nf6 2.Nf3 g6 3.c4 d6 4.g3 Bg7 5.Bg2 O-O 6.O-O c6 7.Nc3 Nbd7 8.e4 e5
9.h3 Qe7 10.Re1 Ne8 11.Bg5 f6 12.Be3 Nc7 13.b4 f5 14.exf5 gxf5 15.c5 dxc5
16.bxc5 e4 17.Bf4 Ne8 18.Bf1 Kh8 19.Qb3 Ndf6 20.Bc4 Nh5 21.Bg5 Qc7 22.Ne5 Bxe5
23.dxe5 Qxe5 24.Ne2 Neg7 25.Nf4 Nxf4 26.Bxf4 Qxc5 27.Red1 Re8 28.Bd6 Qb6
29.Qc3 e3 30.Be5 exf2+ 31.Kg2 Be6 32.Rd7 c5 33.Rxg7  1-0

[Event "BDO Premier"]
[Site "Haarlem NED"]
[Date "2008.08.14"]
[Round "6"]
[White "Burmakin,V"]
[Black "Siebrecht,S"]
[Result "1-0"]
[WhiteElo "2625"]
[BlackElo "2453"]

1.d4 Nf6 2.Nf3 g6 3.c4 Bg7 4.g3 O-O 5.Bg2 d6 6.O-O Nbd7 7.Nc3 a6 8.b3 Rb8
9.a4 a5 10.Qc2 c6 11.Ba3 Ne8 12.e4 Nc7 13.Qe2 Na6 14.Rfd1 Qb6 15.Rab1 Re8
16.Na2 Ra8 17.Qd2 Qc7 18.h3 e5 19.d5 c5 20.Nc3 Nf6 21.Nh2 Nb4 22.Rf1 Nh5
23.Rbe1 Rf8 24.Qd1 Kh8 25.Nf3 Qe7 26.Kh2 Bd7 27.Nb5 Rg8 28.Ng1 Raf8 29.Bb2 Be8
30.Bf3 Nf6 31.Bc3 h5 32.Bd2 h4 33.Bg5 hxg3+ 34.fxg3 Bxb5 35.cxb5 Ng4+ 36.Bxg4 Qxg5
37.Nf3 Qe7 38.Nd2 Bh6 39.Nc4 Ra8 40.Rf2 Rgf8 41.Ref1 Kg7 42.Kg2 Qc7 43.h4 Qe7
44.Bh3 Qc7 45.Rf3 Qe7 46.R1f2 Qc7 47.Qb1 Qe7 48.Qa1 Kg8 49.Kh2 Kg7 50.Qf1 Qc7
51.h5 Bg5 52.hxg6 f6 53.Rf5 Qe7 54.Qe2 Kxg6 55.Kg1 Rh8 56.Rh2 Kg7 57.Rff2 Rh6
58.Bf5 Rah8 59.Nxa5 c4 60.Nxc4 Qc7 61.Rxh6 Rxh6 62.Rh2 Qc5+ 63.Kh1 Nxd5 64.Rxh6 Bxh6
65.exd5 Qxd5+ 66.Be4 Qe6 67.Qh5 Bg5 68.Qh7+ Kf8 69.Qf5 Qe8 70.Kg2  1-0

[Event "ch-Euro Seniors"]
[Site "Davos SUI"]
[Date "2008.08.15"]
[Round "7"]
[White "Blechzin,I"]
[Black "Tseshkovsky,V"]
[Result "0-1"]
[WhiteElo "2491"]
[BlackElo "2519"]

1.d4 Nf6 2.Nf3 g6 3.c4 Bg7 4.g3 O-O 5.Bg2 d6 6.Nc3 Nc6 7.d5 Na5 8.Nd2 Ng4
9.Qc2 Ne5 10.b3 c6 11.Bb2 Bd7 12.O-O Rc8 13.h3 cxd5 14.Nxd5 e6 15.Ne3 b5
16.Ne4 bxc4 17.Nxd6 cxb3 18.Qd1 Rb8 19.axb3 Nxb3 20.Rxa7 Qb6 21.Ra2 Qc7 22.Ng4 Nxg4
23.hxg4 Bxb2 24.Rxb2 Ba4 25.Ne4 f5 26.gxf5 gxf5 27.Ng5 Qe5 28.Ra2 Rfd8 29.Qe1 Be8
30.f4 Qd6 31.Qc3 Nd4 32.e3 h6 33.Qxd4 Qxd4 34.exd4 hxg5 35.Rd2 gxf4 36.gxf4 Rd6
37.Kf2 Bc6 38.Bxc6 Rxc6 39.Ke3 Kf7 40.Rh1 Ke7 41.Ra1 Rh8 42.Rad1 Kd6 43.Re2 Rh3+
44.Kd2 Rc4 45.Rde1 Rxd4+ 46.Kc2 Rc4+ 47.Kd2 Rh6 48.Rf2 Ra4 49.Kc3 Rh3+ 50.Kb2 Rb4+
51.Kc2 Ra3 52.Rd1+ Kc5 53.Rff1 Ra2+ 54.Kc1 Raa4 55.Rde1 Kd6  0-1

[Event "Open A"]
[Site "Vladimir RUS"]
[Date "2008.08.15"]
[Round "4"]
[White "Svetlov,D"]
[Black "Mihajlovskij,S"]
[Result "0-1"]
[WhiteElo "2306"]
[BlackElo "2484"]

1.d4 Nf6 2.Nf3 g6 3.c4 Bg7 4.g3 O-O 5.Bg2 d6 6.O-O c6 7.Nc3 Qb6 8.Qc2 Qa6
9.b3 Bf5 10.Qd2 Ne4 11.Nxe4 Bxe4 12.Qe3 d5 13.Bb2 e6 14.Rfc1 Nd7 15.Bf1 Bxf3
16.Qxf3 Qa5 17.e4 dxe4 18.Qxe4 Rfd8 19.Bc3 Qc7 20.Bg2 Qd6 21.Rd1 Rac8 22.Qe2 Nf6
23.a4 Rd7 24.Bf3 Rcd8 25.Qb2 Ne8 26.a5 a6 27.Be2 Qf8 28.Rd2 Bf6 29.Rad1 Qg7
30.b4 Nd6 31.Bd3 h5 32.Kg2 h4 33.f4 Qh8 34.g4 h3+ 35.Kf3 Ne8 36.Be4 Qh4 37.g5 Nd6
38.Bd3 Bg7 39.Rg1 Qh8 40.Rgd1 Qh5+ 41.Ke3 Qg4 42.Be2 Qg2 43.Bd3 Qg4 44.Be2 Nf5+
45.Ke4 Qg2+ 46.Bf3 Nd6+ 47.Ke3 Nxc4+ 48.Ke4 Nxd2+ 49.Rxd2 Qf1 50.Be2 Qf2
51.Bxa6 Qh4 52.Be2 Rd5 53.Rd3 Rf5 54.Qc1 Qf2 55.Bf1 Qa2  0-1

[Event "Petrovskaya Ladya GM1"]
[Site "Peterhof RUS"]
[Date "2008.08.16"]
[Round "7"]
[White "Volodin,Alek"]
[Black "Utkin,Alek"]
[Result "1/2-1/2"]
[WhiteElo "2397"]
[BlackElo "2412"]

1.d4 Nf6 2.c4 g6 3.Nf3 Bg7 4.g3 O-O 5.Bg2 d6 6.O-O Nbd7 7.Qc2 e5 8.dxe5 dxe5
9.e4 Re8 10.Rd1 c6 11.h3 Qc7 12.Be3 Bf8 13.Nc3 Bc5 14.Bg5 Be7 15.Rab1 a5
16.Na4 b6 17.c5 bxc5 18.Rbc1 Kg7 19.b3 Ba6 20.Be3 c4 21.bxc4 Rab8 22.Nd2 h5
23.Bf1 Nh7 24.Nf3 Nhf6 25.Ng5 Nh7 26.Nxh7 Kxh7 27.Rd2 Bb4 28.Rd3 Nf8 29.Rcd1 Qe7
30.Bb6 Qe6 31.a3 Be7 32.Rf3 Kg7 33.Bxa5 Nh7 34.Qc3 Ng5 35.Re3 Nxh3+ 36.Bxh3 Qxh3
37.Bc7 Ra8 38.Nb6 Ra7 39.Bxe5+ f6 40.Bd6 Qg4 41.Rf3 Bd8 42.Bc5 Rf7 43.Rd4 Bc7
44.Qd3 Be5 45.Rd7 Rxd7 46.Qxd7+ Qxd7 47.Nxd7 Bxc4 48.Nxe5 Rxe5 49.Bd4 Rxe4
50.Bxf6+ Kh7 51.Re3  1/2-1/2

[Event "Petrovskaya Ladya GM1"]
[Site "Peterhof RUS"]
[Date "2008.08.17"]
[Round "9"]
[White "Matlakov,M"]
[Black "Utkin,Alek"]
[Result "1-0"]
[WhiteElo "2484"]
[BlackElo "2412"]

1.d4 Nf6 2.Nf3 g6 3.c4 Bg7 4.g3 O-O 5.Bg2 d6 6.O-O Nbd7 7.Nc3 e5 8.e4 c6
9.h3 Re8 10.Be3 a5 11.Qc2 exd4 12.Nxd4 Nc5 13.Rad1 Qe7 14.Rfe1 Nfd7 15.f4 h5
16.Bf2 Qf8 17.Nf3 a4 18.Bd4 Bh6 19.b4 axb3 20.axb3 Ra3 21.b4 Ne6 22.Bf2 Bg7
23.Rd3 Nc7 24.Qb2 Ra8 25.Qd2 d5 26.cxd5 Qxb4 27.d6 Ne6 28.e5 h4 29.Nxh4 g5
30.Nf5 gxf4 31.Re4 Ra1+ 32.Kh2 Qa5 33.gxf4 Ndc5 34.Rg3 Nxe4 35.Bxe4 Rf1 36.Qe2 Qa1
37.Bg2 Nxf4 38.Rxg7+ Kf8 39.Qg4 Ng6 40.Rxg6 fxg6 41.Qxg6 Bxf5 42.Qxf5+  1-0

[Event "23rd Open"]
[Site "Schwarzach AUT"]
[Date "2008.08.17"]
[Round "2"]
[White "Reefschlaeger,H"]
[Black "Nuber,K"]
[Result "1/2-1/2"]
[WhiteElo "2310"]
[BlackElo "2140"]

1.d4 Nf6 2.g3 g6 3.Bg2 Bg7 4.Nf3 O-O 5.c4 d6 6.O-O Nc6 7.Nc3 e5 8.dxe5 Nxe5
9.Nxe5 dxe5 10.Bg5 Qxd1 11.Raxd1 c6 12.h3 Be6 13.b3 h6 14.Be3 Rfe8 15.Na4 Bf8
16.Nc5 Bxc5 17.Bxc5 Nd7 18.Bd6 f6 19.Rd2 Rad8 20.Rfd1 Nb6 21.h4 Rd7 22.a4 Bxc4
23.bxc4 Nxc4 24.Rd3 Nb2 25.Bc5 Rxd3 26.Rxd3 Nxd3 27.exd3 Kg7 28.a5 a6 29.Kf1 f5
30.Ke2 Kf6 31.Bb6 g5 32.hxg5+ hxg5 33.Kd2 g4 34.Ke2 f4 35.Be4 Ke6  1/2-1/2

[Event "8th Savaria Summer IM"]
[Site "Szombathely HUN"]
[Date "2008.08.17"]
[Round "4"]
[White "Kiss,At"]
[Black "Kislik,E"]
[Result "0-1"]
[WhiteElo "2371"]
[BlackElo "2302"]

1.d4 Nf6 2.c4 g6 3.Nf3 Bg7 4.g3 O-O 5.Bg2 d6 6.O-O Nc6 7.Nc3 a6 8.b3 Rb8
9.Bb2 b5 10.cxb5 axb5 11.Rc1 b4 12.Nb1 Na7 13.Ne1 Ba6 14.Nd3 Nd7 15.d5 Bxd3
16.Bxg7 Bxe2 17.Qxe2 Kxg7 18.Qd2 Rb6 19.Rc4 Qb8 20.Rfc1 Rc8 21.Rh4 Nf8 22.Qh6+ Kg8
23.Re1 c6 24.Rxe7 Rb7 25.Rxb7 Qxb7 26.Nd2 cxd5 27.Nc4 Rc5 28.h3 Nb5 29.Qe3 Qa7
30.Nb2 Qxa2 31.Nd3 d4 32.Qe8 Nc7 33.Qe7 Qb1+ 34.Bf1 Nce6 35.Qxd6 Rc3 36.Qa6 Nc7
37.Qc8 Rxd3 38.Rxh7 Ne6  0-1

[Event "U16 Olympiad"]
[Site "Mersin TUR"]
[Date "2008.08.18"]
[Round "3"]
[White "Soylemez,C"]
[Black "Buyukasik,D"]
[Result "1-0"]
[WhiteElo "1849"]
[BlackElo "1888"]

1.d4 Nf6 2.c4 g6 3.Nf3 Bg7 4.g3 O-O 5.Bg2 d6 6.O-O c6 7.Nc3 Nbd7 8.e4 c5
9.b3 Ng4 10.h3 cxd4 11.Nxd4 Qb6 12.hxg4 Qxd4 13.Bb2 Nc5 14.Qf3 Qd2 15.Rab1 Qg5
16.Nd5 Bxb2 17.Rxb2 Rd8 18.Qc3 Qe5 19.Qxe5 dxe5 20.Nxe7+ Kf8 21.Nxc8 Raxc8
22.f4 Ke7 23.Rbf2 Rf8 24.Rd2 Rcd8 25.Rd5 Rxd5 26.exd5 e4 27.f5 Kd6 28.b4 Nd3
29.Bxe4 Nxb4 30.a3 Na6 31.fxg6 hxg6 32.Bxg6 Rg8 33.Bf5 Nc5 34.Kf2 b6 35.Ke3 Re8+
36.Kf4 Nb3 37.Rh1 Nd4 38.Rh7 Re7 39.Kg5 Ke5 40.Rh1 Nf3+ 41.Kh6 Kf6 42.Rf1 Re2
43.g5+ Ke7 44.Rxf3 Kf8 45.g6 f6 46.g7+  1-0

[Event "U16 Olympiad"]
[Site "Mersin TUR"]
[Date "2008.08.18"]
[Round "3"]
[White "Tulay,S"]
[Black "Olcum,A"]
[Result "0-1"]
[WhiteElo "1788"]
[BlackElo "1896"]

1.d4 Nf6 2.Nf3 g6 3.g3 Bg7 4.Bg2 d6 5.c4 O-O 6.O-O Nbd7 7.Nc3 c6 8.e4 e5
9.Qc2 Re8 10.Rd1 Qc7 11.b3 Nf8 12.Ba3 Bg4 13.dxe5 dxe5 14.Bd6 Qc8 15.Rd3 N6d7
16.h3 Bxf3 17.Rxf3 Ne6 18.Qd2 Nd4 19.Rd3 Bf8 20.Bxf8 Rxf8 21.f4 Nc5 22.Re3 Rd8
23.Qf2 Qc7 24.f5 Qe7 25.g4 Qg5 26.Rg3 Qf4 27.Bf3 Nd3 28.Qg2 Nc2 29.Rb1 Nce1
30.Rxe1 Nxe1 31.Qf2 Nxf3+ 32.Rxf3 Qc1+ 33.Kg2 Rd2 34.Ne2 Qc2 35.Kg1 Qd1+  0-1

[Event "U16 Olympiad"]
[Site "Mersin TUR"]
[Date "2008.08.19"]
[Round "4"]
[White "Malikentzos,S"]
[Black "Rindlisbacher,J"]
[Result "1-0"]
[WhiteElo "2063"]
[BlackElo "1999"]

1.d4 Nf6 2.c4 g6 3.g3 Bg7 4.Bg2 O-O 5.Nf3 d6 6.O-O Nbd7 7.Nc3 e5 8.e4 exd4
9.Nxd4 Re8 10.h3 a6 11.Re1 Ne5 12.b3 c5 13.Nc2 Be6 14.Bb2 Rb8 15.Nd5 b5 16.f4 Ned7
17.Nxf6+ Nxf6 18.cxb5 axb5 19.Qf3 Qb6 20.Kh2 b4 21.Ne3 Ng4+ 22.hxg4 Bxb2
23.Rab1 Bc3 24.f5 Bxe1 25.fxe6 Bxg3+ 26.Qxg3 Rxe6 27.Nd5 Qd8 28.g5 Ra8 29.Rb2 h5
30.gxh6 Re5 31.Rf2 Rh5+ 32.Kg1 Rxh6 33.Qf4 Qf8 34.Nf6+ Kg7 35.e5 Rd8 36.Ng4 Rh5
37.Qf6+ Kg8 38.Bd5 Rh7 39.Qxg6+ Rg7 40.Nf6+ Kh8 41.Rh2+  1-0

[Event "23rd Open"]
[Site "Schwarzach AUT"]
[Date "2008.08.19"]
[Round "4"]
[White "Mlynek,P"]
[Black "Nuber,K"]
[Result "1-0"]
[WhiteElo "2222"]
[BlackElo "2140"]

1.d4 Nf6 2.c4 g6 3.Nf3 Bg7 4.g3 O-O 5.Bg2 d6 6.O-O Nc6 7.Nc3 e5 8.dxe5 Nxe5
9.Nxe5 dxe5 10.Qxd8 Rxd8 11.Bg5 Rd4 12.e3 Rxc4 13.Rfd1 Bg4 14.Bxb7 Rb8 15.Rd2 h6
16.Bxf6 Bxf6 17.Bd5 Rcb4 18.f3 Bf5 19.Bb3 Rd8 20.Nd5 Kg7 21.Rad1 Rb7 22.Nxf6 Rxd2
23.Nh5+ gxh5 24.Rxd2 Kf6 25.Kf2 Be6 26.Bxe6 Kxe6 27.b3 Rb4 28.Rc2 Kd6 29.Ke2 f5
30.h4 Rb5 31.Rc4 Rc5 32.Kd3 Rd5+ 33.Kc2 Rc5 34.Kc3 Kd5 35.e4+ fxe4 36.fxe4+ Kd6
37.b4 Rb5 38.a4 Rb8 39.Rc5 Rf8 40.Rd5+ Ke6 41.Ra5 Rf3+ 42.Kc4 Rxg3 43.Rxa7 Rg4
44.Ra6+ Kd7 45.Kd5 Rxh4 46.Rxh6 Rh1 47.Rh7+ Kc8 48.Kxe5 Rb1 49.Kf6 Rxb4 50.e5 Rxa4
51.e6 Rf4+ 52.Ke5 Rf1 53.Rh8+ Kb7 54.e7 Re1+ 55.Kf6 Rf1+ 56.Kg5 Rg1+ 57.Kh6  1-0

[Event "5th DA Tan Malaysian Open"]
[Site "Kuala Lumpur MAS"]
[Date "2008.08.20"]
[Round "6"]
[White "Jones,B"]
[Black "Foo,Be"]
[Result "1/2-1/2"]
[WhiteElo "2087"]
[BlackElo "1997"]

1.d4 Nf6 2.Nf3 g6 3.g3 Bg7 4.Bg2 O-O 5.c4 d6 6.O-O Nbd7 7.Nc3 e5 8.e4 c6
9.h3 Re8 10.Re1 a5 11.b3 exd4 12.Nxd4 Nc5 13.Bf4 Nh5 14.Be3 Be6 15.Rc1 Qd7
16.Kh2 Nf6 17.f3 Red8 18.Bf2 d5 19.cxd5 cxd5 20.e5 Ne8 21.Nxe6 Nxe6 22.Bb6 Rdc8
23.Qxd5 Qxd5 24.Nxd5 Rxc1 25.Rxc1 Bxe5 26.f4 Bd6 27.a4 Kg7 28.Bf1 Nf6 29.Nxf6 Kxf6
30.Kg2 Nd8 31.Bb5 Bb4 32.Kf3 Nc6 33.Bxc6 Rc8 34.Bd4+ Ke7 35.Bc5+ Bxc5 36.Rxc5 Rxc6
37.Rxc6 bxc6 38.Ke4 Kd6 39.g4 Kc5 40.Ke5 Kb4 41.Kf6 Kxb3 42.Kxf7 c5 43.f5 gxf5
44.gxf5 c4 45.f6 c3 46.Kg7 c2 47.f7 c1=Q 48.f8=Q Qc7+ 49.Kh6 Kxa4 50.Qe8+ Kb4
51.h4 a4 52.h5 a3 53.Qe4+ Ka5 54.Qe1+ Ka6 55.Qe2+ Ka7 56.Qa2 Qb6+ 57.Kxh7 Qb2
58.Qf7+ Qb7 59.Qxb7+ Kxb7 60.h6 a2 61.Kg8 a1=Q 62.h7 Qg1+ 63.Kh8 Qd4+ 64.Kg8 Qd8+
65.Kg7 Qe7+ 66.Kg8  1/2-1/2

[Event "23rd Open"]
[Site "Schwarzach AUT"]
[Date "2008.08.20"]
[Round "5"]
[White "Legahn,D"]
[Black "Bejtovic,J"]
[Result "1/2-1/2"]
[WhiteElo "2190"]
[BlackElo "2335"]

1.d4 Nf6 2.Nf3 g6 3.c4 Bg7 4.g3 O-O 5.Bg2 d6 6.O-O Nbd7 7.Qc2 e5 8.Rd1 Re8
9.dxe5 dxe5 10.e4 c6 11.h3 Qc7 12.Be3 Bf8 13.Nc3 Bc5 14.Bxc5 Nxc5 15.b4 Ne6
16.c5 a5 17.a3 axb4 18.axb4 Rxa1 19.Rxa1 Rd8 20.Rd1  1/2-1/2

[Event "Open A"]
[Site "Vladimir RUS"]
[Date "2008.08.21"]
[Round "9"]
[White "Ruchkin,I"]
[Black "Schepetkova,M"]
[Result "0-1"]
[WhiteElo "2188"]
[BlackElo "2173"]

1.Nf3 Nf6 2.c4 g6 3.d4 Bg7 4.g3 d6 5.Bg2 O-O 6.O-O Nc6 7.Nc3 a6 8.Qd3 Nd7
9.b3 e5 10.e3 f5 11.dxe5 Nc5 12.Qe2 Nxe5 13.Nd4 Re8 14.Rd1 Rb8 15.Bb2 c6
16.b4 Ne6 17.Nxe6 Bxe6 18.c5 Bc4 19.Qc2 d5 20.Na4 Qe7 21.Nb6 Bd3 22.Qd2 Be4
23.Qe2 Bxg2 24.Kxg2 Rbd8 25.Bd4 Bh6 26.h3 Nf7 27.Qd3 Ng5 28.a4 Ne6 29.Bb2 f4
30.gxf4 Bxf4 31.Qc3 d4 32.exd4 Bh6 33.Qb3 Kf8 34.Qf3+ Nf4+  0-1

[Event "GM"]
[Site "Vienna AUT"]
[Date "2008.08.23"]
[Round "8"]
[White "Pachta,P"]
[Black "Timoshenko,G"]
[Result "1/2-1/2"]
[WhiteElo "2312"]
[BlackElo "2572"]

1.d4 Nf6 2.c4 g6 3.Nf3 Bg7 4.g3 O-O 5.Bg2 d6 6.O-O Nc6 7.Nc3 a6 8.Re1 Rb8
9.Rb1 Na5 10.b3 b5 11.cxb5 axb5 12.e4 b4 13.Na4 Bd7 14.Nb2 d5 15.e5 Ne4 16.Bd2 c5
17.dxc5 Nxc5 18.Nd4 e6 19.f4 Qb6 20.Be3 Rfc8 21.Rc1 Nab7 22.Nd3 Nxd3 23.Qxd3 Qa5
24.Qd2 Bf8 25.g4 Rc3 26.Ne2 Rxc1 27.Rxc1 Rc8 28.Rxc8 Bxc8 29.Nd4 Qc7 30.Nb5 Qa5
31.Nd4 Qc7 32.Nb5 Qa5  1/2-1/2

[Event "U16 Olympiad"]
[Site "Mersin TUR"]
[Date "2008.08.24"]
[Round "10"]
[White "Tulay,S"]
[Black "Rosenthal,Jon"]
[Result "0-1"]
[WhiteElo "1788"]
[BlackElo "2248"]

1.d4 Nf6 2.Nf3 g6 3.g3 Bg7 4.Bg2 O-O 5.c4 d6 6.Nc3 Nbd7 7.O-O c6 8.e4 e5
9.h3 Qb6 10.d5 cxd5 11.cxd5 Nc5 12.Qe2 Bd7 13.Nd2 Rfc8 14.Re1 Qd8 15.Nc4 Be8
16.Be3 b5 17.Nd2 b4 18.Nd1 a6 19.Bxc5 Rxc5 20.a4 bxa3 21.Rxa3 Bb5 22.Qe3 Qf8
23.Nb3 Rc2 24.Nc3 Rxb2 25.Qc1 Rxb3 26.Rxb3 Bh6 27.Qb2 Bc4 28.Rb7 Kg7 29.Ra1 Qc8
30.Rb6 Qd8 31.Qb4 Ne8 32.Rb1 Bb5 33.Na4 Qd7 34.Nc3 Bd2 35.Qb2 Qc7 36.Qxd2 Qxb6
37.Bf1 Nc7 38.Qb2 Rb8 39.Qb4 Qd4 40.Qa5 Qc5 41.Qa2 Qxc3  0-1

[Event "44th Rubinstein Mem Open A"]
[Site "Polanica Zdroj POL"]
[Date "2008.08.25"]
[Round "7"]
[White "Scibior,A"]
[Black "Goluch,P"]
[Result "1-0"]
[WhiteElo "2157"]
[BlackElo "2019"]

1.Nf3 Nf6 2.c4 g6 3.d4 Bg7 4.g3 O-O 5.Bg2 d6 6.O-O Nbd7 7.Nc3 e5 8.e4 c6
9.h3 Qa5 10.Be3 Nb6 11.Qd3 exd4 12.Nxd4 Qa6 13.b3 d5 14.exd5 Nbxd5 15.Bd2 Ne7
16.Bg5 Nf5 17.Nf3 h6 18.Bf4 Be6 19.Rad1 Qa5 20.Qc2 Rfd8 21.Rfe1 Rxd1 22.Rxd1 Rd8
23.g4 Rxd1+ 24.Nxd1 Ne7 25.Bd2 Qd8 26.Ne3 Nd7 27.Bc3 Nc5 28.Bxg7 Kxg7 29.b4 Nd3
30.Qc3+ f6 31.h4 Nf4 32.Bf1 h5 33.g5 Nf5 34.Nxf5+ Bxf5 35.Qe3 Ne6 36.Qxa7 fxg5
37.Qxb7+ Kh6 38.Ne5 Qd1 39.Nf7+ Kg7 40.Nxg5+ Kf6 41.Nh7+ Ke5 42.Qb8+ Ke4
43.Nf6+  1-0

[Event "44th Rubinstein Mem Open A"]
[Site "Polanica Zdroj POL"]
[Date "2008.08.25"]
[Round "7"]
[White "Czarnota,P"]
[Black "Jaroch,P"]
[Result "1-0"]
[WhiteElo "2526"]
[BlackElo "2255"]

1.Nf3 Nf6 2.c4 g6 3.d4 Bg7 4.g3 d6 5.Bg2 O-O 6.O-O Nbd7 7.Nc3 c6 8.e4 e5
9.h3 Qb6 10.c5 dxc5 11.dxe5 Ne8 12.e6 fxe6 13.Ng5 Ne5 14.f4 Nf7 15.Nxf7 Bd4+
16.Kh2 Rxf7 17.e5 a5 18.a4 Bd7 19.Ne4 Rd8 20.h4 Bc8 21.Qc2 Qa7 22.Ra3 b6
23.g4 Qc7 24.Rh3 Rg7 25.h5 gxh5 26.Rxh5 Ba6 27.Rf3 Rdd7 28.g5 Rdf7 29.Nf6+ Kf8
30.Kh1 c4 31.Rfh3 c5 32.Nxh7+ Ke7 33.g6 Bb7 34.gxf7  1-0

[Event "44th Rubinstein Mem Open A"]
[Site "Polanica Zdroj POL"]
[Date "2008.08.26"]
[Round "8"]
[White "Kozak,Ma"]
[Black "Kocwin,B"]
[Result "1-0"]
[WhiteElo "2195"]
[BlackElo "2245"]

1.d4 Nf6 2.c4 g6 3.Nf3 Bg7 4.g3 O-O 5.Bg2 d6 6.Nc3 Nbd7 7.O-O e5 8.e4 c6
9.h3 a6 10.dxe5 dxe5 11.Qc2 Ne8 12.Be3 Qe7 13.Rad1 Nc7 14.a3 a5 15.Rfe1 Ne6
16.Na4 Nec5 17.Nxc5 Nxc5 18.b3 Re8 19.b4 axb4 20.axb4 Na6 21.b5 Nc5 22.Nd2 Be6
23.Ra1 Bf8 24.Bf1 f6 25.Red1 Qc7 26.Rdc1 f5 27.exf5 gxf5 28.Nb3 Rxa1 29.Rxa1 Nxb3
30.Qxb3 f4 31.Bd2 Bc5 32.Re1 cxb5 33.Qxb5 Bd7 34.Qb3 Bc6 35.Bg2 Qg7 36.Bxc6 bxc6
37.Bxf4 Qa7 38.Be3 Qa5 39.Re2 Kf7 40.Bxc5 Qxc5 41.Qf3+ Kg7 42.Rd2 Rf8 43.Rd7+ Kh8
44.Qe2 Rf5 45.g4 Rg5 46.Qf3  1-0

[Event "44th Rubinstein Mem Open A"]
[Site "Polanica Zdroj POL"]
[Date "2008.08.27"]
[Round "9"]
[White "Kveinys,A"]
[Black "Tokarski,L"]
[Result "1-0"]
[WhiteElo "2527"]
[BlackElo "2238"]

1.d4 Nf6 2.Nf3 g6 3.c4 Bg7 4.g3 O-O 5.Bg2 d6 6.O-O Nc6 7.Nc3 a6 8.Re1 Rb8
9.Rb1 e5 10.dxe5 dxe5 11.Qxd8 Rxd8 12.Bg5 Be6 13.Nd2 h6 14.Bxf6 Bxf6 15.Nde4 Be7
16.Nd5 Bxd5 17.cxd5 Nb4 18.Nc3 f5 19.Red1 a5 20.Rbc1 Bg5 21.e3 e4 22.Bf1 Bf6
23.Bc4 Kg7 24.a3 Na6 25.Bxa6 bxa6 26.Na4 Be5 27.Rc6 Rb5 28.Nc5 Kf7 29.h3 Rb6
30.Ne6 Rd7 31.Rc2 Bd6 32.Nc5 Bxc5 33.Rxc5 Rxb2 34.Rxa5 Rb6 35.Rc1 Rbd6 36.Rc6 Rxd5
37.Raxa6  1-0